| 000 | 01349nam a2200253Ia 4500 | ||
|---|---|---|---|
| 003 | Ost | ||
| 005 | 20260507075118.0 | ||
| 008 | 260507s9999||||xx |||||||||||||| ||und|| | ||
| 020 | _a7435673977 | ||
| 040 | _cfsecg | ||
| 041 | _aara | ||
| 082 | _a352 | ||
| 100 |
_aالطعامنة، محمد محمود _eمؤلف |
||
| 245 | 0 |
_aالحكم المحلي في الوطن العربي وإتجاهات التطوير / _c محمد محمود الطعامنة |
|
| 260 |
_aالقاهرة: _bالمنظمة العربية للتنمية الإدارية, _c2005 |
||
| 300 |
_a428 صفحة؛ _bإيضاحات ؛ _c24 سم |
||
| 490 |
_aسلسلة بحوث ودراسات _v401 |
||
| 520 | _aالحكم المحلي (إطار نظري)- الحكم المحلي في بلاد الشام- الحكم المحلي في وادي النيل- الحكم المحلي في شبه جزيرة العربية- الحكم المحلي في المغرب العربي- الإتجاهات المعاصرة في الحكم المحلي- الحكم المحلي في الوطن العربي- تحليل مقارن ورؤية مستقبلية | ||
| 653 | _aالإدارة المحلية | ||
| 653 | _aالحكم المحلي | ||
| 653 | _aالوطن العربي | ||
| 700 |
_aعبد الوهاب، سمير محمد _eمؤلف ثانوي |
||
| 942 | _cكتاب | ||
| 999 |
_c43041 _d43041 |
||